[Event "Uelzen Uhlenkoeper op"]
[Site "Uelzen"]
[Date "2024.12.27"]
[Round "1"]
[White "Von Estorff, Jacob"]
[Black "Labitzki, Marek"]
[Result "1-0"]
[WhiteElo "2209"]
[BlackElo "1782"]
[PlyCount "45"]
[EventDate "2024.12.27"]
[EventType "swiss"]
[EventRounds "9"]
[EventCountry "GER"]
[SourceTitle "CB01_2025"]
[SourceDate "2025.01.01"]
[SourceVersion "1"]
[SourceVersionDate "2025.01.01"]
[SourceQuality "1"]

1. e4 c5 2. Nf3 d6 3. c3 Nf6 4. Qc2 e5 5. d4 cxd4 6. cxd4 exd4 7. Nxd4 Be7 8. Bb5+ Bd7 9. Bxd7+ Nbxd7 10. Nc3 0-0 11. 0-0 Re8 12. Bf4 Bf8 13. Rad1 Nc5 14. Rfe1 Rc8 15. f3 Nh5 16. Be3 a6 17. Qf2 Ne6 18. Nf5 Rc6 19. Rd2 Qa5 20. Rd5 Qc7 21. Nh6+ gxh6 22. Rxh5 Ng7 23. Rxh6 1-0